[Event "57th Biel Rapid Open"]
[Site "Biel SUI"]
[Date "2024.07.14"]
[Round "6.54"]
[White "Hottinger, Ieremia"]
[Black "Spagnoli, Benjamin"]
[Result "0-1"]
[WhiteElo "1523"]
[BlackElo "1847"]
[WhiteFideId "1359185"]
[BlackFideId "20667116"]
[EventDate "2024.07.14"]
[EventType "swiss"]

1. e4 c6 2. d4 d5 3. Nf3 dxe4 4. Ne5 Nf6 5. Bc4 e6 6. Nc3 Be7 7. O-O O-O 8. Re1
Nbd7 9. Bf4 Nxe5 10. dxe5 Nd5 11. Bxd5 exd5 12. Qd2 Be6 13. Rad1 Bb4 14. Bg5 Qc7
15. Qd4 Ba5 16. Bf4 c5 17. Nxd5 cxd4 18. Nxc7 Bxc7 19. Rxd4 Bf5 20. Rc4 Rac8 21.
Rb4 Ba5 22. Rexe4 Bxe4 23. Rxe4 Rfd8 24. h3 Rxc2 25. e6 fxe6 26. Rxe6 Kf7 27.
Re3 Bd2 28. Rf3 Bxf4 29. Rxf4+ Ke6 30. Re4+ Kf7 31. Rf4+ Kg8 32. Rb4 Rdd2 33.
Rxb7 Rxf2 34. Rxa7 Rxg2+ 35. Kf1 Rgd2 36. Ke1 Rh2 37. Kd1 Rcg2 38. Re7 Rxb2 39.
Kc1 Rxa2 40. Kb1 Rag2 41. Re1 Rxh3 42. Kc1 Rgh2 43. Kd1 Rh1 44. Kd2 R3h2+ 45.
Re2 Rxe2+ 46. Kxe2 Rh3 47. Kf2 Kf7 48. Kg2 Ra3 49. Kh2 Kf6 50. Kg2 Kf5 51. Kf2
Ke4 52. Kg2 Kf4 53. Kh2 Kg4 54. Kg2 Ra2+ 55. Kf1 Kf3 56. Ke1 Rh2 57. Kd1 Ke3 58.
Kc1 Kd3 59. Kb1 Kc3 60. Ka1 Kb3 61. Kb1 Rh1# 0-1

[Event "57th Biel Rapid Open"]
[Site "Biel SUI"]
[Date "2024.07.14"]
[Round "7.1"]
[White "Madaminov, Mukhiddin"]
[Black "Materia, Marco"]
[Result "1-0"]
[WhiteTitle "IM"]
[BlackTitle "IM"]
[WhiteElo "2512"]
[BlackElo "2453"]
[WhiteFideId "14210703"]
[BlackFideId "45150451"]
[EventDate "2024.07.14"]
[EventType "swiss"]

1. e4 c5 2. Nf3 e6 3. c3 d5 4. exd5 Qxd5 5. d4 Nf6 6. Na3 Nc6 7. Be3 Ng4 8. Bc4
Qe4 9. O-O Nxe3 10. fxe3 Be7 11. d5 exd5 12. Bxd5 Qxe3+ 13. Kh1 Be6 14. Re1 Qf4
15. Bxe6 fxe6 16. Rxe6 O-O 17. Qb3 Qf7 18. Rae1 Rad8 19. h3 Bd6 20. Qc4 h6 21.
Qg4 Bb8 22. Rxh6 Rfe8 23. Rhe6 Rxe6 24. Rxe6 Rd1+ 25. Ng1 Rf1 26. Qe4 Qc7 27.
Re8+ Rf8 28. Qd5+ Kh7 29. Qh5+ Kg8 30. Rxf8+ Kxf8 31. Qxc5+ Kg8 32. Nf3 Qd7 33.
Qc4+ Kh8 34. Qe2 Qd5 35. Nc4 Qf5 36. Ncd2 Qf7 37. Ng5 Qg6 38. Ndf3 Bf4 39. Qe4
Qxe4 40. Nxe4 Kg8 41. Kg1 Kf7 42. Kf2 b5 43. Nd4 Ne5 44. Nxb5 Nd3+ 45. Kf3 Be5
46. b3 a6 47. Nbd6+ Ke6 48. Nc4 1-0

[Event "57th Biel Rapid Open"]
[Site "Biel SUI"]
[Date "2024.07.14"]
[Round "7.2"]
[White "Sasikiran, Krishnan"]
[Black "Sukandar, Irine Kharisma"]
[Result "1/2-1/2"]
[WhiteTitle "GM"]
[BlackTitle "IM"]
[WhiteElo "2581"]
[BlackElo "2338"]
[WhiteFideId "5004985"]
[BlackFideId "7101937"]
[EventDate "2024.07.14"]
[EventType "swiss"]

1. d4 Nf6 2. c4 e6 3. Nf3 d5 4. g3 Bb4+ 5. Bd2 Be7 6. Bg2 c6 7. Qc2 Nbd7 8. O-O
Ne4 9. Rc1 h5 10. Nc3 Nxd2 11. Qxd2 dxc4 12. Ne4 Nf6 13. Nxf6+ Bxf6 14. Rxc4 O-O
15. Rd1 Qb6 16. Qc2 Rd8 17. h4 Bd7 18. Rc5 g6 19. e3 Rac8 20. Ne5 Be8 21. a3 Qc7
22. Rc1 b6 23. Rxc6 Bxc6 24. Nxc6 Re8 25. Qa4 Kg7 26. Rc3 Qd7 27. Qxa7 Qxa7 28.
Nxa7 Rxc3 29. bxc3 Be7 30. a4 Bd6 31. Kf1 Kf6 32. Ke2 g5 33. hxg5+ Kxg5 34. Bc6
Rh8 35. Nb5 Bb8 36. Bf3 h4 37. gxh4+ Rxh4 38. c4 Kf6 39. Kf1 Ke7 40. Ke2 Kf6 41.
Kf1 e5 42. Ke2 exd4 43. exd4 1/2-1/2

[Event "57th Biel Rapid Open"]
[Site "Biel SUI"]
[Date "2024.07.14"]
[Round "7.3"]
[White "Gan-Erdene, Sugar"]
[Black "Harsha, Bharathakoti"]
[Result "1-0"]
[WhiteTitle "IM"]
[BlackTitle "GM"]
[WhiteElo "2407"]
[BlackElo "2569"]
[WhiteFideId "4902980"]
[BlackFideId "5078776"]
[EventDate "2024.07.14"]
[EventType "swiss"]

1. e4 c5 2. Nf3 Nc6 3. d4 cxd4 4. Nxd4 Qb6 5. Nb3 Nf6 6. Nc3 e6 7. Be3 Qc7 8. a3
d6 9. Be2 a6 10. O-O Be7 11. f4 O-O 12. Qe1 b5 13. Bf3 Rb8 14. Qf2 Nd7 15. a4 b4
16. Ne2 Nb6 17. Nd2 a5 18. c3 d5 19. e5 bxc3 20. bxc3 Ba6 21. Rfb1 Nd7 22. Nd4
Nxd4 23. cxd4 Rxb1+ 24. Rxb1 Bd3 25. Re1 Bb4 26. f5 Bxf5 27. Bxd5 Nb6 28. Bb3
Qd7 29. Rc1 Nxa4 30. Bxa4 Qxa4 31. d5 Qa3 32. Nc4 Qd3 33. d6 Rc8 34. Qf4 h6 35.
Qd4 Qxd4 36. Bxd4 Bd3 37. d7 Rd8 38. Nb6 Ba6 39. Bc5 Bxc5+ 40. Rxc5 Kf8 41. Rxa5
Bd3 42. Rc5 Ke7 43. Kf2 f6 44. Ke3 Bf5 45. Kd4 Bg4 46. Rc7 Be2 47. Nc8+ Kf8 48.
exf6 gxf6 49. Kc5 e5 50. Kd6 e4 51. Ne7 Bg4 52. Nc6 1-0

[Event "57th Biel Rapid Open"]
[Site "Biel SUI"]
[Date "2024.07.14"]
[Round "7.4"]
[White "Juksta, Karolis"]
[Black "Assaubayeva, Bibisara"]
[Result "0-1"]
[WhiteTitle "IM"]
[BlackTitle "IM"]
[WhiteElo "2400"]
[BlackElo "2472"]
[WhiteFideId "12809039"]
[BlackFideId "13708694"]
[EventDate "2024.07.14"]
[EventType "swiss"]

1. d4 Nf6 2. c4 g6 3. Nc3 Bg7 4. e4 d6 5. Be2 O-O 6. Nf3 e5 7. Be3 Ng4 8. Bg5 f6
9. Bc1 Nc6 10. O-O f5 11. dxe5 Ngxe5 12. exf5 Bxf5 13. Nxe5 dxe5 14. Bf3 Nd4 15.
Bxb7 Rb8 16. Be4 Qh4 17. Qd3 Rbd8 18. Bxf5 gxf5 19. Qg3 Qh5 20. Bg5 f4 21. Qh4
Qg6 22. f3 Rb8 23. Nd5 Kh8 24. Be7 Rxb2 25. Qg4 Qxg4 26. fxg4 Rfb8 27. g5 Kg8
28. Bf6 c6 29. Ne7+ Kf7 30. Bxg7 Kxg7 31. Rae1 Rxa2 32. Rf2 Rxf2 33. Kxf2 Rb2+
34. Kf1 f3 35. gxf3 Nxf3 36. Ra1 Nxh2+ 37. Ke1 Nf3+ 38. Kd1 c5 39. Rxa7 Nxg5 0-1

[Event "57th Biel Rapid Open"]
[Site "Biel SUI"]
[Date "2024.07.14"]
[Round "7.5"]
[White "Macovei, Andrei"]
[Black "Haimovich, Tal"]
[Result "1-0"]
[WhiteTitle "IM"]
[BlackTitle "IM"]
[WhiteElo "2479"]
[BlackElo "2324"]
[WhiteFideId "13904680"]
[BlackFideId "2801698"]
[EventDate "2024.07.14"]
[EventType "swiss"]

1. e4 e5 2. Nf3 Nc6 3. Bc4 Nf6 4. d3 Bc5 5. c3 O-O 6. O-O d6 7. h3 a5 8. Re1 h6
9. Nbd2 Bb6 10. Nf1 Ne7 11. Bb3 Ng6 12. d4 c6 13. Ng3 Bc7 14. Be3 Re8 15. Bc2
Be6 16. Qd2 a4 17. b3 axb3 18. axb3 Rxa1 19. Rxa1 Bb6 20. c4 exd4 21. Nxd4 Bd7
22. Rd1 Nh7 23. Ndf5 Bxe3 24. Nxe3 Re6 25. c5 Nf4 26. Nef5 Ng6 27. Nh5 d5 28.
exd5 cxd5 29. Qxd5 Qc7 30. Nhxg7 Re5 31. Nxh6+ 1-0

[Event "57th Biel Rapid Open"]
[Site "Biel SUI"]
[Date "2024.07.14"]
[Round "7.6"]
[White "Ganguly, Surya Shekhar"]
[Black "Chinguun, Sumiya"]
[Result "0-1"]
[WhiteTitle "GM"]
[BlackTitle "FM"]
[WhiteElo "2592"]
[BlackElo "2377"]
[WhiteFideId "5002150"]
[BlackFideId "4902572"]
[EventDate "2024.07.14"]
[EventType "swiss"]

1. e4 c5 2. Nf3 d6 3. d4 cxd4 4. Nxd4 Nf6 5. Nc3 a6 6. h3 e5 7. Nb3 Be6 8. Be3
Be7 9. Qf3 O-O 10. O-O-O b5 11. g4 b4 12. Nd5 Bxd5 13. exd5 a5 14. Nd2 a4 15.
Kb1 Qc7 16. g5 Nfd7 17. Ne4 b3 18. Bd3 bxa2+ 19. Kxa2 Na6 20. Bd2 Rfb8 21. Rhg1
Qb7 22. Bc1 Nb4+ 23. Ka1 Qxd5 24. Nf6+ Nxf6 25. Bxh7+ Kxh7 26. Rxd5 Nfxd5 27.
g6+ fxg6 28. Qf7 Bf6 29. Rxg6 Kh8 30. c3 Rf8 31. Qe6 Nd3 32. Qxd5 Nxc1 33. Kb1
Ne2 34. Rg4 Rab8 35. Rb4 a3 36. Qxd6 Rbd8 37. Qa6 Nf4 38. Qxa3 Be7 39. Qb3 Bxb4
40. Qxb4 Rf6 41. Qe7 Rd2 42. Qb7 Re2 43. c4 Nd3 44. Qc8+ Kh7 0-1

[Event "57th Biel Rapid Open"]
[Site "Biel SUI"]
[Date "2024.07.14"]
[Round "7.7"]
[White "Munkhzul, Turmunkh"]
[Black "Moiseenko, Alexander"]
[Result "1/2-1/2"]
[WhiteTitle "WGM"]
[BlackTitle "GM"]
[WhiteElo "2250"]
[BlackElo "2570"]
[WhiteFideId "4901878"]
[BlackFideId "14102560"]
[EventDate "2024.07.14"]
[EventType "swiss"]

1. e4 c5 2. Nf3 Nc6 3. d4 cxd4 4. Nxd4 e5 5. Nb5 d6 6. c4 Be7 7. N1c3 a6 8. Na3
Be6 9. Be3 Bg5 10. Nc2 Rc8 11. Be2 Bxe3 12. Nxe3 Nf6 13. O-O Nd4 14. Bd3 O-O 15.
Ncd5 Nxd5 16. exd5 Bd7 17. f4 f5 18. Qd2 b5 19. b3 Qb6 20. Kh1 Rce8 21. Rae1 b4
22. Bb1 g6 23. Nd1 exf4 24. Qxf4 a5 25. Qf2 Qc5 26. Nb2 Nxb3 27. Qf4 Qd4 28.
Qxd6 Rxe1 29. Rxe1 Nc5 30. Nd3 Nxd3 31. Bxd3 Qc3 32. Rg1 Qxd3 33. Qxd7 Qxc4 34.
Qe6+ Rf7 35. Qe8+ Kg7 36. Qe5+ Kg8 37. d6 Qe4 38. Qxa5 h5 39. Qb5 Qd4 40. Qb8+
Kg7 41. Rb1 Rd7 42. Qxb4 Qxb4 43. Rxb4 Rxd6 44. h4 Rd3 45. Rb7+ Kh6 46. Rb3 Rd4
47. g3 Rd2 48. a3 Ra2 49. Rc3 Kg7 50. Rc7+ Kf6 51. Rc6+ Ke5 52. Rxg6 Ke4 53. Rg5
Kf3 54. Rxf5+ Kxg3 55. Rg5+ Kxh4 56. Rg2 Rxa3 57. Kh2 Rh3+ 58. Kg1 Rc3 59. Kh2
Rc4 60. Ra2 Kg4 61. Rg2+ Kf4 62. Rg8 Rc3 63. Rg7 Ra3 64. Rg8 h4 65. Rg7 Kf5 66.
Rg8 Kf4 67. Rg7 Rg3 68. Rxg3 hxg3+ 69. Kg2 Kg4 70. Kg1 Kg5 71. Kg2 Kh4 72. Kg1
Kg4 73. Kg2 Kf4 74. Kg1 Kf3 75. Kf1 g2+ 76. Kg1 Kg3 1/2-1/2

[Event "57th Biel Rapid Open"]
[Site "Biel SUI"]
[Date "2024.07.14"]
[Round "7.8"]
[White "Nesterov, Arseniy"]
[Black "Jumabayev, Rinat"]
[Result "0-1"]
[WhiteTitle "GM"]
[BlackTitle "GM"]
[WhiteElo "2602"]
[BlackElo "2565"]
[WhiteFideId "24198455"]
[BlackFideId "13702661"]
[EventDate "2024.07.14"]
[EventType "swiss"]

1. d4 Nf6 2. c4 e6 3. Nf3 Bb4+ 4. Bd2 c5 5. Bxb4 cxb4 6. e3 O-O 7. Bd3 b6 8. O-O
Bb7 9. Re1 d6 10. a3 bxa3 11. Rxa3 Nc6 12. Nc3 e5 13. dxe5 dxe5 14. Nd5 a5 15.
Bb1 Nxd5 16. cxd5 Nb4 17. e4 Qf6 18. Nd2 Rac8 19. Rf3 Qd6 20. Rc3 Ba6 21. Qf3
Rc7 22. h3 g6 23. Rec1 Rfc8 24. Qe3 Bb5 25. h4 h5 26. Nf3 Kg7 27. Ng5 Bd7 28.
Rxc7 Rxc7 29. Rc3 Bg4 30. Rxc7 Qxc7 31. Qd2 Qd6 32. Bd3 f6 33. Nf3 Bxf3 34. gxf3
Qc5 35. Bf1 Nc2 36. f4 Nd4 37. Qe3 Qe7 38. Kh1 f5 39. fxe5 Qxe5 40. Bg2 fxe4 41.
Bxe4 Nf5 42. Qd3 Nd6 43. Bxg6 Qf4 44. Bh7 Qxh4+ 45. Kg1 Qg5+ 46. Kh1 b5 47. Qc3+
Qf6 48. Qc7+ Kh6 49. Bg8 a4 50. Be6 Ne4 51. Qc1+ Qg5 52. Qc2 Qf4 53. Kg1 b4 54.
Bh3 a3 55. bxa3 bxa3 56. d6 Nxd6 57. Qc3 a2 58. Qh8+ Kg5 59. Qg8+ Kh4 60. Qxa2
Kxh3 61. Qb3+ Kh4 62. Kg2 Qg4+ 63. Kh2 Ne4 64. Qe3 Ng5 65. Qe7 Qf4+ 66. Kg1 Kg4
67. Qd7+ Qf5 68. Qd1+ Kh4 69. Qd4+ Qg4+ 0-1

[Event "57th Biel Rapid Open"]
[Site "Biel SUI"]
[Date "2024.07.14"]
[Round "7.9"]
[White "Sadorra, Julio Catalino"]
[Black "Xiao, Tong(QD)"]
[Result "1-0"]
[WhiteTitle "GM"]
[WhiteElo "2542"]
[BlackElo "2518"]
[WhiteFideId "5201268"]
[BlackFideId "8622388"]
[EventDate "2024.07.14"]
[EventType "swiss"]

1. d4 Nf6 2. c4 e6 3. Nc3 Bb4 4. e3 O-O 5. Bd2 b6 6. Bd3 Bb7 7. Nf3 d6 8. b3
Nbd7 9. a3 Bxc3 10. Bxc3 Ne4 11. Bb2 Ng5 12. Nd2 f5 13. f3 e5 14. O-O Qe7 15. d5
f4 16. Qe2 Rae8 17. Rae1 Qf6 18. b4 Qh6 19. exf4 Rxf4 20. Bc1 b5 21. cxb5 Nf6
22. Ne4 Nxd5 23. Bc4 Ne6 24. Qa2 Nb6 25. Bxf4 exf4 26. Nxd6 Nxc4 27. Nxe8 Bd5
28. Re5 Nxe5 29. Qxd5 Nf7 30. Re1 Nf8 31. Nxc7 1-0

[Event "57th Biel Rapid Open"]
[Site "Biel SUI"]
[Date "2024.07.14"]
[Round "7.10"]
[White "Bilguun, Sumiya"]
[Black "Toktomushev, Teimur"]
[Result "1-0"]
[WhiteTitle "GM"]
[BlackTitle "FM"]
[WhiteElo "2458"]
[BlackElo "2300"]
[WhiteFideId "4901541"]
[BlackFideId "14176726"]
[EventDate "2024.07.14"]
[EventType "swiss"]

1. e4 c5 2. Nc3 e6 3. g3 d5 4. Bg2 Nf6 5. d3 Nc6 6. Nh3 Be7 7. O-O O-O 8. f4 Rb8
9. a4 a6 10. Nf2 b5 11. axb5 axb5 12. g4 b4 13. Ne2 dxe4 14. dxe4 c4 15. Qxd8
Rxd8 16. Be3 Bb7 17. g5 Nd7 18. Ng4 Bc5 19. Kf2 Bxe3+ 20. Nxe3 Nc5 21. Nxc4 Nd4
22. Nxd4 Rxd4 23. b3 Bxe4 24. Bxe4 Rxe4 25. Kf3 Rd4 26. Rfd1 Rd5 27. Ne3 Rxd1
28. Rxd1 f6 29. gxf6 gxf6 30. Rd6 Kf7 31. Rc6 Nd7 32. Nc4 Ke7 33. Rc7 Rb5 34.
Ra7 e5 35. f5 Kd8 36. Ke4 Rc5 37. h3 Rb5 38. Nd6 Rb6 39. Kd5 h5 40. h4 e4 41.
Ra8+ Nb8 42. Nxe4 Ke7 43. Ra7+ Kf8 44. Nc5 Kg8 45. Rc7 Na6 46. Rc6 Rxc6 47. Kxc6 1-0

[Event "57th Biel Rapid Open"]
[Site "Biel SUI"]
[Date "2024.07.14"]
[Round "7.11"]
[White "Erne, Raphael"]
[Black "Saraci, Nderim"]
[Result "0-1"]
[BlackTitle "IM"]
[WhiteElo "2108"]
[BlackElo "2447"]
[WhiteFideId "1341928"]
[BlackFideId "6351921"]
[EventDate "2024.07.14"]
[EventType "swiss"]

1. c4 Nf6 2. g3 g6 3. Bg2 Bg7 4. Nc3 O-O 5. Nf3 c6 6. O-O d5 7. cxd5 Nxd5 8. d4
Na6 9. e4 Nb6 10. h3 Be6 11. Kh2 Rc8 12. Ne2 Nc7 13. Re1 Nc4 14. b3 Nd6 15. Nf4
Ndb5 16. Bb2 c5 17. Ne2 cxd4 18. Nexd4 Nxd4 19. Nxd4 Nb5 20. e5 Nxd4 21. Qxd4
Rc2 22. Rec1 Rd2 23. Qc3 Rxf2 24. Rc2 Rxc2 25. Qxc2 Qb8 26. Qe4 Rd8 27. Re1 b6
28. Re2 h5 29. h4 Qc7 30. Bh3 Bxh3 31. Kxh3 e6 32. Qc2 Qd7 33. Kh2 Rc8 34. Qd2
Qb5 35. Rf2 Qe8 36. Qf4 Rc5 37. Re2 Qc8 38. Qe4 Qc7 39. Qe3 Rd5 40. Qe4 Qd7 41.
Qe3 b5 42. Qf4 a5 43. Bc3 a4 44. bxa4 bxa4 45. Bb2 Rd3 46. Rf2 Rd1 47. Qf3 Rd2
48. Qa8+ Kh7 49. Qf3 Rd3 50. Qf4 Rd1 51. Qf3 Rd3 52. Qf4 Qd5 53. Rf1 Rd2+ 54.
Rf2 Rxf2+ 55. Qxf2 Qxa2 0-1

[Event "57th Biel Rapid Open"]
[Site "Biel SUI"]
[Date "2024.07.14"]
[Round "7.12"]
[White "Harish, Neeraj"]
[Black "Gaehwiler, Gabriel"]
[Result "0-1"]
[WhiteTitle "CM"]
[BlackTitle "IM"]
[WhiteElo "2123"]
[BlackElo "2398"]
[WhiteFideId "30958130"]
[BlackFideId "1314530"]
[EventDate "2024.07.14"]
[EventType "swiss"]

1. e4 e5 2. Nf3 Nf6 3. d4 Nxe4 4. Bd3 d5 5. Nxe5 Nd7 6. Nxd7 Bxd7 7. Nd2 Nxd2 8.
Bxd2 Qe7+ 9. Be3 O-O-O 10. O-O h5 11. c4 dxc4 12. Bxc4 Qf6 13. Qd2 Qg6 14. Rac1
Bd6 15. Bf4 Bh3 16. Bd5 Kb8 17. Kh1 Bf5 18. Bf3 Be4 19. Bxe4 Qxe4 20. Bxd6 Rxd6
21. Qc3 Rd7 22. Rfd1 Rhd8 23. d5 f6 24. h3 Qe5 25. Qc5 c6 26. f4 Qxf4 27. Rd4
Qd6 28. dxc6 Qxc5 29. Rxc5 Rxd4 30. c7+ Kc8 31. cxd8=Q+ Kxd8 32. Rxh5 Ke7 33.
Kh2 Rd2 34. Rb5 b6 35. a4 Kd6 36. Kg3 Kc6 37. b3 Rd4 38. h4 a6 39. Rf5 Rd3+ 40.
Rf3 Rxf3+ 41. Kxf3 Kc5 42. Kf4 Kb4 43. Kf5 Kxb3 44. Kg6 Kxa4 45. Kxg7 b5 46. h5
b4 47. h6 b3 48. h7 b2 49. h8=Q b1=Q 50. Qh4+ Qb4 51. Qxb4+ Kxb4 52. Kxf6 a5 53.
g4 a4 54. g5 a3 55. g6 a2 0-1

[Event "57th Biel Rapid Open"]
[Site "Biel SUI"]
[Date "2024.07.14"]
[Round "7.13"]
[White "Olarte, Stefan"]
[Black "Tahay, Alexis"]
[Result "0-1"]
[BlackTitle "IM"]
[WhiteElo "1902"]
[BlackElo "2392"]
[WhiteFideId "1356232"]
[BlackFideId "26090961"]
[EventDate "2024.07.14"]
[EventType "swiss"]

1. Nf3 Nf6 2. c4 g6 3. b3 Bg7 4. Bb2 O-O 5. g3 d6 6. Bg2 e5 7. O-O Nc6 8. d3 h6
9. Nbd2 Be6 10. h3 Qd7 11. Kh2 Nh5 12. e4 f5 13. Nh4 Qf7 14. a3 Rab8 15. Bf3 Nf6
16. Ra2 fxe4 17. Nxe4 g5 18. Ng2 Nxe4 19. Bxe4 Nd4 20. Bxd4 exd4 21. f4 Qd7 22.
g4 gxf4 23. Qf3 Be5 24. Nh4 c6 25. Ng6 Rf6 26. Rg2 Kf7 27. g5 Rxg6 28. Bxg6+
Kxg6 29. gxh6+ Kh7 30. Rfg1 Kh8 31. Rg7 Bf7 32. R1g5 Qe6 33. Qe4 Bxg7 34. hxg7+
Kg8 35. Qxf4 Qh6 36. Qf5 Re8 37. Kg2 Re6 38. Qxf7+ Kxf7 39. g8=Q+ Kf6 40. Qd8+
Kf7 41. Rf5+ Kg6 42. Qf8 Re2+ 43. Kg1 Qe3+ 44. Rf2 Qg3+ 45. Kf1 Rxf2+ 46. Qxf2
Qxh3+ 47. Qg2+ Qxg2+ 48. Kxg2 Kf5 49. Kf3 c5 50. b4 cxb4 51. axb4 a6 52. Kg3 b6
53. Kf3 a5 0-1

[Event "57th Biel Rapid Open"]
[Site "Biel SUI"]
[Date "2024.07.14"]
[Round "7.14"]
[White "Rosen, Eric"]
[Black "Papaux, Steve"]
[Result "1-0"]
[WhiteTitle "IM"]
[WhiteElo "2374"]
[BlackElo "2228"]
[WhiteFideId "2032562"]
[BlackFideId "1337602"]
[EventDate "2024.07.14"]
[EventType "swiss"]

1. d4 d5 2. Bf4 c5 3. Nc3 Nf6 4. e4 dxe4 5. dxc5 Qxd1+ 6. Rxd1 e5 7. Bxe5 Bxc5
8. Bxf6 gxf6 9. Nd5 Bd6 10. Nxf6+ Ke7 11. Nxe4 Be5 12. c3 Be6 13. Nf3 Bg7 14. a3
Nd7 15. Bb5 Nb6 16. Nc5 Bd5 17. Nh4 a6 18. Bd3 Kd6 19. Ne4+ Kc7 20. O-O Rae8 21.
Rfe1 Bc6 22. Nf5 Be5 23. g3 Rhg8 24. Kf1 Na4 25. Rd2 Rd8 26. f4 Rxd3 27. Rxd3
Bb5 28. c4 Bxc4 29. Rc1 Bc3 30. Ke2 Rd8 31. Ned6 Bxd3+ 32. Kxd3 b5 33. bxc3 Kc6
34. Kc2 Nb6 35. Nxf7 Re8 36. Ne5+ Kd5 37. Rd1+ Kc5 38. Nd6 Re6 39. Ne4# 1-0

[Event "57th Biel Rapid Open"]
[Site "Biel SUI"]
[Date "2024.07.14"]
[Round "7.15"]
[White "Krishnan, Ritvik"]
[Black "Munguntuul, Batkhuyag"]
[Result "1-0"]
[WhiteTitle "FM"]
[BlackTitle "IM"]
[WhiteElo "2246"]
[BlackElo "2356"]
[WhiteFideId "45055297"]
[BlackFideId "4900758"]
[EventDate "2024.07.14"]
[EventType "swiss"]

1. e4 c5 2. c3 Nf6 3. e5 Nd5 4. d4 cxd4 5. Nf3 e6 6. Bc4 Nc6 7. O-O d6 8. cxd4
Be7 9. Qe2 O-O 10. Nc3 Nxc3 11. bxc3 dxe5 12. dxe5 b6 13. Qe4 Bb7 14. Bd3 g6 15.
Bh6 Re8 16. Rad1 Qc7 17. Qf4 Red8 18. Rfe1 Rd5 19. c4 Rc5 20. Ng5 Nxe5 21. Bf1
Bxg5 22. Bxg5 Nxc4 23. Qh4 Nd6 24. Bd3 Qc6 25. f3 h5 26. Qf4 Nf5 27. Bf6 Ra5 28.
Be4 Qc5+ 29. Kh1 Ra4 30. Qg5 Bd5 31. Bxf5 Bxf3 32. gxf3 Qxf5 33. Qxf5 exf5 34.
Re2 Kh7 35. Rd7 Rf8 36. Red2 h4 37. R7d4 Rxd4 38. Rxd4 g5 39. Bxg5 Kg6 40. Rd8
Rxd8 41. Bxd8 h3 42. Kg1 f4 43. Kf2 Kf5 44. Bc7 b5 45. Ke2 Ke6 46. Kd3 Kd5 47.
Bxf4 a5 48. Bd2 b4 49. Be1 Kc5 50. Bf2+ Kb5 51. Bd4 a4 52. Be3 f5 1-0

[Event "57th Biel Rapid Open"]
[Site "Biel SUI"]
[Date "2024.07.14"]
[Round "7.16"]
[White "Arcuti, Davide"]
[Black "Kheerthi, Ganta"]
[Result "1-0"]
[WhiteTitle "IM"]
[BlackTitle "WFM"]
[WhiteElo "2398"]
[BlackElo "1918"]
[WhiteFideId "1323725"]
[BlackFideId "25626280"]
[EventDate "2024.07.14"]
[EventType "swiss"]

1. d4 d5 2. Nf3 Nf6 3. c3 e6 4. Bf4 c5 5. e3 Nc6 6. Nbd2 Be7 7. Bd3 Nh5 8. Be5
Nxe5 9. Nxe5 Nf6 10. O-O O-O 11. f4 b6 12. Rf3 Bb7 13. Qc2 g6 14. Rh3 c4 15. Be2
b5 16. g4 Ne4 17. Nxe4 dxe4 18. g5 f6 19. gxf6 Bxf6 20. Ng4 Bg7 21. Rg3 g5 22.
fxg5 Qxg5 23. Rf1 Rxf1+ 24. Bxf1 Rf8 25. Bg2 Qg6 26. Ne5 Qf5 27. Bh3 Qh5 28.
Bxe6+ Kh8 29. Ng6+ hxg6 30. Rh3 Qxh3 31. Bxh3 Bh6 32. Qe2 Rf3 33. Bg2 Bxe3+ 34.
Kh1 g5 35. h3 Rg3 36. Qh5+ Kg7 37. Qe8 Kh6 38. Qe6+ Kh5 39. Qf7+ Kh6 40. Qxb7 1-0

[Event "57th Biel Rapid Open"]
[Site "Biel SUI"]
[Date "2024.07.14"]
[Round "7.17"]
[White "Nasybullina, Alfia"]
[Black "Kersten, Uwe"]
[Result "1/2-1/2"]
[WhiteTitle "WIM"]
[BlackTitle "IM"]
[WhiteElo "1997"]
[BlackElo "2186"]
[WhiteFideId "4132416"]
[BlackFideId "4615646"]
[EventDate "2024.07.14"]
[EventType "swiss"]

1. Nf3 Nf6 2. d4 e6 3. Bf4 c5 4. e3 cxd4 5. exd4 b6 6. Nc3 Bb4 7. a3 Bxc3+ 8.
bxc3 d6 9. Bd3 Bb7 10. O-O O-O 11. Re1 Qc7 12. c4 Rd8 13. Bg5 Nbd7 14. Qe2 Rac8
15. Nd2 Re8 16. c3 Qc6 17. f3 h6 18. Be3 d5 19. Bf2 e5 20. cxd5 Qxc3 21. dxe5
Nxe5 22. Bf5 Bxd5 23. Ne4 Bxe4 24. fxe4 Rcd8 25. Red1 Rxd1+ 26. Rxd1 Qxa3 27.
Qb5 Qe7 28. Bh4 Rf8 29. Bg3 Neg4 30. e5 g6 31. exf6 Qe3+ 32. Kh1 gxf5 33. Qxf5
Qg5 34. Qf3 Nxf6 35. Rf1 1/2-1/2

[Event "57th Biel Rapid Open"]
[Site "Biel SUI"]
[Date "2024.07.14"]
[Round "7.18"]
[White "Peycheva, Gergana"]
[Black "Frey, Fabian"]
[Result "1-0"]
[WhiteTitle "FM"]
[WhiteElo "2261"]
[BlackElo "2184"]
[WhiteFideId "2916711"]
[BlackFideId "1336487"]
[EventDate "2024.07.14"]
[EventType "swiss"]

1. d4 d5 2. c4 c6 3. Nc3 Nf6 4. e3 e6 5. Nf3 Nbd7 6. b3 b6 7. Qc2 Bb7 8. Be2 Rc8
9. O-O Bb4 10. Bb2 O-O 11. a3 Bxc3 12. Bxc3 Ne4 13. Bb2 Qe7 14. a4 c5 15. Rfd1
Rfd8 16. Nd2 Nxd2 17. Qxd2 dxc4 18. bxc4 Qg5 19. d5 Nf6 20. f4 Qg6 21. Bxf6 Qxf6
22. e4 exd5 23. cxd5 c4 24. Rac1 c3 25. Qe3 c2 26. Re1 Qb2 27. Bd3 Rc3 28. Qd2
Rdc8 29. d6 Qb4 30. Bb5 a6 31. d7 Rd8 32. Bf1 Bc6 33. Re3 Rc4 34. Qxb4 Rxb4 35.
Rxc2 Bxd7 36. Rd2 Kf8 37. Bxa6 Rxa4 38. Bb5 Ra7 39. Red3 Ke7 40. Kf2 h6 41. e5
Rc7 42. Rd6 g6 43. g4 Ra7 44. f5 Rc7 45. f6+ Ke8 46. e6 fxe6 47. Rxe6+ Kf8 48.
Red6 Ke8 49. f7+ Ke7 50. Rxd7+ Rcxd7 51. Rxd7+ Rxd7 52. Bxd7 Kxf7 53. h4 Kf6 54.
Ke3 Ke5 55. Be8 Kf6 56. Kf4 h5 57. g5+ Kg7 58. Ke5 Kh7 59. Kf6 Kh8 60. Bxg6 1-0

[Event "57th Biel Rapid Open"]
[Site "Biel SUI"]
[Date "2024.07.14"]
[Round "7.19"]
[White "Sadeghi, Hassan Roger"]
[Black "Vincenti, Leonardo"]
[Result "1-0"]
[BlackTitle "CM"]
[WhiteElo "2057"]
[BlackElo "2163"]
[WhiteFideId "1304712"]
[BlackFideId "28550820"]
[EventDate "2024.07.14"]
[EventType "swiss"]

1. Nc3 d5 2. d4 Nf6 3. Bg5 e6 4. e4 dxe4 5. Nxe4 Nbd7 6. Bd3 h6 7. Nxf6+ Nxf6 8.
Be3 Nd5 9. Nf3 Nxe3 10. fxe3 c5 11. c3 cxd4 12. exd4 Bd6 13. O-O O-O 14. Qe2 g6
15. Ne5 Qc7 16. Rf6 Be7 17. Rf2 b6 18. Raf1 f5 19. Nxg6 Rf7 20. Bc4 Bd6 21. Bxe6
Bxh2+ 22. Kh1 Bg3 23. Rxf5 Bxe6 24. Qxe6 Qd7 25. Qxf7+ Qxf7 26. Rxf7 Bd6 27. Rd7
Bg3 28. Rff7 Be5 29. dxe5 1-0

[Event "57th Biel Rapid Open"]
[Site "Biel SUI"]
[Date "2024.07.14"]
[Round "7.20"]
[White "Schlegel, Igor"]
[Black "Roth, Martin"]
[Result "1-0"]
[WhiteTitle "FM"]
[WhiteElo "2233"]
[BlackElo "1973"]
[WhiteFideId "1334956"]
[BlackFideId "1303392"]
[EventDate "2024.07.14"]
[EventType "swiss"]

1. e4 c5 2. Nf3 a6 3. g3 Nc6 4. Bg2 e5 5. O-O Nf6 6. Re1 d6 7. h3 h6 8. c3 b5 9.
d4 Bb7 10. a4 c4 11. axb5 axb5 12. Rxa8 Qxa8 13. Na3 Qa5 14. b3 Ba6 15. bxc4
bxc4 16. Bf1 d5 17. exd5 Bxa3 18. dxc6 e4 19. Nd2 Bxc1 20. Nxe4 Nxe4 21. Rxe4+
Kd8 22. Qxc1 Qd5 23. Bg2 Qd6 24. Re5 Kc7 25. Rd5 Qf6 26. Rd7+ Kb6 27. Qb2+ 1-0